| 000 | 00487cam a2200193ua 4500 | ||
|---|---|---|---|
| 001 | 607 | ||
| 008 | 131025n ii |||gr||||Z||||||eng | ||
| 020 | _a81-250-0514-5 | ||
| 040 | _cMAIN | ||
| 082 | _a954.035 | ||
| 245 |
_aIndia wins freedom _cby Maulana Abul Kamal Azad |
||
| 250 | _a1st. | ||
| 260 |
_aDelhi: _bOrient Longman,988. |
||
| 300 |
_a283p: _c20cm. |
||
| 653 | _aHistory | ||
| 653 | _aIndian freedom movement | ||
| 700 |
_aAzad, Maulana Abul Kamal., _eAuthor. |
||
| 942 | _cBK | ||
| 999 |
_c540 _d540 |
||